000
00205nam a2200085 4500
001
1254675
005
20251120113615.0
245
_a
BİR HİKAYENİN HİKAYESİ
_c
DEBORAH HOPKİNSON
260
_b
ALTIN KİTAPLAR
999
_c
1254675
_d
1254675